000 00935nam a2200217Ia 4500
999 _c39521
_d39521
001 6117
003 GE_BSU
005 20190924110652.0
008 181216s1975||||ge |||||||||||||| ||geo||
040 _cGE_BSU
041 _ageo
080 _a821.353.1-32 ა-87
100 _aასკურავა, დავით
_94258
245 _aსიხარულით სავსე მატარებელი :
_bმოთხრობები /
_cდავით ასკურავა ; რედ. დ. ციგროშვილი.
264 _aთბილისი :
_bსაბჭოთა საქართველო ;
_c1975.
300 _a148 გვ. ;
_c16 სმ.
653 _aსიხარულით სავსე მატარებელი
653 _aმოთხრობები
700 _aციგროშვილი, დ.
_eრედაქტორი
_94205
942 _cBK
_2udc